000 01010 a2200253 4500
001 47084
005 20260407155739.0
008 260407a2001 arg spa d
003 AR-UNSa-BCEJYS
040 _aAR-UNSa-BCEJYS
_bspa
_cAR-UNSa-BCEJYS
080 _a330
_xEconomía en general
245 1 0 _aTeoría general de la ocupación, el interés y el dinero
020 _a978-950-557-494-0
250 _a3a. ed.
264 1 _aBuenos Aires :
_bFondo de Cultura Económica
_c2001
300 _a334 p.
_c23 cm.
505 _a1. Introducción - 2. Definiciones e ideas - 3. La propensión a consumir - 4. El incentivo para invertir - 5. Salarios nominales y precios - 6. Breves consideraciones sugeridas por la teoría general.
942 _cBK
590 _aniveau_biblio:m niveau_hierar:0
100 1 _aKeynes, John Maynard
700 1 _aHornedo, Eduardo
700 1 _aPérez, Ángel Martín
856 4 1 _uhttps://www.biblioeco.unsa.edu.ar/pmb/images/libros/L127385.jpg
_yImagen de portada
_qimage/jpeg
999 _c4281
_d4281